[Event "Barcelona Vila Gracia op 10th"]
[Site "Barcelona"]
[Date "2016.09.30"]
[Round "1.9"]
[White "Moysen Cortes, Jessica"]
[Black "Comellas Blanchart, Jordi"]
[Result "0-1"]
[WhiteElo "1705"]
[BlackElo "2043"]
[PlyCount "160"]
[EventDate "2016.09.30"]
[EventType "swiss"]
[EventRounds "9"]
[EventCountry "ESP"]
[SourceTitle "EXT 2024"]
[Source "ChessBase"]
[SourceDate "2023.10.10"]
[SourceVersion "1"]
[SourceVersionDate "2023.10.10"]
[SourceQuality "1"]

1. e4 e5 2. Nf3 Nc6 3. d4 exd4 4. Nxd4 Nf6 5. Nc3 Bb4 6. Nxc6 bxc6 7. Bd3 d5 8. exd5 cxd5 9. 0-0 0-0 10. Bg5 c6 11. Qf3 h6 12. Bxf6 Qxf6 13. Qxf6 gxf6 14. Ne2 Re8 15. Ng3 Bb7 16. Nf5 Bf8 17. Rae1 Re5 18. Re3 Bc8 19. Ng3 Rb8 20. b3 c5 21. Rfe1 Rxe3 22. Rxe3 Bd7 23. Bf5 d4 24. Re1 Re8 25. Rxe8 Bxe8 26. Bd3 Bd7 27. Kf1 Bd6 28. Ne4 Be7 29. Nd2 Kf8 30. Ke1 Ke8 31. Nb1 Bc6 32. g3 Bd6 33. Na3 Ke7 34. Nc4 Bc7 35. Ke2 Ke6 36. Nb2 f5 37. Bc4+ Kf6 38. Nd3 Bd6 39. Kd2 Bd7 40. f4 Bc6 41. Nf2 Bc7 42. Nd3 Bd6 43. Nf2 Bg2 44. c3 dxc3+ 45. Kxc3 Bc7 46. Bd3 Bd5 47. Bc4 Ba5+ 48. Kd3 Bg2 49. Ke2 Bc3 50. Nd1 Bd4 51. Ne3 Be4 52. Nd5+ Kg7 53. Nc7 Bg1 54. h3 h5 55. Nb5 a5 56. Nd6 Bh2 57. Kf2 h4 58. gxh4 Bxf4 59. Nxf7 Kf6 60. Nd8 Be5 61. Ne6 Bd4+ 62. Kf1 Be5 63. Ke2 f4 64. Ng5 Bg2 65. Be6 Bd4 66. Bg4 Bc6 67. Nf3 Bb5+ 68. Kd1 Be3 69. h5 c4 70. bxc4 Bxc4 71. a3 Bc5 72. Nd2 Bd5 73. Nb1 Ke5 74. Bd7 f3 75. a4 f2 76. Bb5 Bf3+ 77. Kd2 Bg2 78. h6 Kf6 79. Bd3 Bb4+ 80. Ke3 f1Q 0-1

[Event "Barcelona Sant Marti op-B 18th"]
[Site "Barcelona"]
[Date "2016.07.17"]
[Round "5.17"]
[White "Carrey Abellan, Enric"]
[Black "Moysen Cortes, Jessica"]
[Result "1-0"]
[WhiteElo "1911"]
[BlackElo "1740"]
[PlyCount "77"]
[EventDate "2016.07.13"]
[EventType "swiss"]
[EventRounds "9"]
[EventCountry "ESP"]
[SourceTitle "EXT 2024"]
[Source "ChessBase"]
[SourceDate "2023.10.10"]
[SourceVersion "1"]
[SourceVersionDate "2023.10.10"]
[SourceQuality "1"]

1. d4 Nf6 2. c4 e6 3. Nc3 Bb4 4. Qc2 b6 5. Bg5 Bb7 6. a3 Bxc3+ 7. Qxc3 0-0 8. f3 d5 9. e3 Nbd7 10. Bd3 c5 11. Ne2 cxd4 12. exd4 dxc4 13. Qxc4 Rc8 14. Qa4 a5 15. Rd1 h6 16. Bh4 g5 17. Bf2 Nd5 18. 0-0 N7f6 19. Rc1 Qe7 20. Qb3 Nh5 21. Rfe1 Qd6 22. Be4 f5 23. Bb1 Ndf6 24. Nc3 Nd5 25. Nxd5 Bxd5 26. Qb5 Bc6 27. Qxb6 g4 28. Ba2 Rf6 29. Rc3 g3 30. hxg3 Nxg3 31. Re5 f4 32. Qxa5 Rb8 33. b4 Rg6 34. Qa6 Qxe5 35. dxe5 Rd8 36. Rd3 Ne2+ 37. Kf1 Rxd3 38. Qxd3 Nc1 39. Qxg6+ 1-0

[Event "Barcelona Sant Marti op-B 18th"]
[Site "Barcelona"]
[Date "2016.07.15"]
[Round "3.19"]
[White "Flores Mendoza, Jose Antonio"]
[Black "Moysen Cortes, Jessica"]
[Result "1-0"]
[WhiteElo "1877"]
[BlackElo "1740"]
[PlyCount "93"]
[EventDate "2016.07.13"]
[EventType "swiss"]
[EventRounds "9"]
[EventCountry "ESP"]
[SourceTitle "EXT 2024"]
[Source "ChessBase"]
[SourceDate "2023.10.10"]
[SourceVersion "1"]
[SourceVersionDate "2023.10.10"]
[SourceQuality "1"]

1. d4 Nf6 2. c4 e6 3. Nc3 Bb4 4. Qc2 d5 5. Bg5 dxc4 6. e3 Bxc3+ 7. Qxc3 b5 8. a4 c6 9. Nf3 Nbd7 10. b3 cxb3 11. axb5 cxb5 12. Qxb3 Bb7 13. Bxb5 Bxf3 14. gxf3 Qb6 15. Bxf6 gxf6 16. Qa4 Qd6 17. Ke2 Ke7 18. Bc6 Rac8 19. Bxd7 Qxd7 20. Qxd7+ Kxd7 21. Rxa7+ Rc7 22. Rha1 Rhc8 23. f4 Rxa7 24. Rxa7+ Ke8 25. Kf3 Kf8 26. f5 exf5 27. Kf4 Rc2 28. f3 Rxh2 29. Kxf5 Kg7 30. d5 Rh5+ 31. Ke4 Re5+ 32. Kd4 Re8 33. d6 h5 34. e4 h4 35. f4 Kg6 36. Kd5 Rc8 37. d7 Rd8 38. Kd6 h3 39. Ke7 h2 40. Ra1 Ra8 41. Rh1 Ra7 42. Ke8 Rxd7 43. Kxd7 f5 44. e5 Kg7 45. Ke7 f6 46. exf6+ Kg6 47. f7 1-0

[Event "Barcelona Sant Marti op-B 17th"]
[Site "Barcelona"]
[Date "2015.07.21"]
[Round "9"]
[White "Torralba Brosa, Marc"]
[Black "Moysen Cortes, Jessica"]
[Result "1-0"]
[WhiteElo "1900"]
[BlackElo "1961"]
[PlyCount "103"]
[EventDate "2015.07.13"]
[EventType "swiss"]
[EventRounds "9"]
[EventCountry "ESP"]
[SourceTitle "EXT 2016"]
[Source "ChessBase"]
[SourceDate "2015.10.08"]
[SourceVersion "1"]
[SourceVersionDate "2015.10.08"]
[SourceQuality "1"]

1. e4 d5 2. exd5 Qxd5 3. Nc3 Qa5 4. Nf3 Nf6 5. d4 c6 6. Ne5 Bf5 7. g4 Bg6 8. h4 Be4 9. f3 Bd5 10. Bd2 Qc7 11. Bf4 Qb6 12. Qd3 Nbd7 13. Nxd7 Nxd7 14. Nxd5 cxd5 15. 0-0-0 e6 16. Kb1 Rc8 17. Be3 Bd6 18. f4 Nf6 19. Bg2 Nxg4 20. Bf3 Nxe3 21. Qxe3 Kd7 22. Rhg1 g6 23. Rd3 Rc4 24. h5 Rhc8 25. Rb3 Qc7 26. c3 Bxf4 27. Qf2 g5 28. Be2 Rc6 29. Bb5 Ke7 30. Bxc6 bxc6 31. Qe2 Rb8 32. Rxb8 Qxb8 33. Qc2 f5 34. Qa4 Qb7 35. c4 Kf6 36. cxd5 cxd5 37. Qa3 Kf7 38. Qc5 g4 39. Rf1 Be3 40. Qc3 Bg5 41. Qg3 Ke7 42. Qe5 Bf6 43. Qe3 Kd6 44. Rc1 Qb4 45. Re1 Bxd4 46. Qxe6+ Kc7 47. Rc1+ Bc5 48. Qxd5 Kb6 49. Qxf5 Bd4 50. Qe6+ Ka5 51. Qd5+ Ka4 52. Rc4 1-0

[Event "Barcelona Sant Marti op-B 17th"]
[Site "Barcelona"]
[Date "2015.07.19"]
[Round "7"]
[White "Garcia Ruiz, Adrian"]
[Black "Moysen Cortes, Jessica"]
[Result "1-0"]
[WhiteElo "2044"]
[BlackElo "1961"]
[PlyCount "109"]
[EventDate "2015.07.13"]
[EventType "swiss"]
[EventRounds "9"]
[EventCountry "ESP"]
[SourceTitle "EXT 2016"]
[Source "ChessBase"]
[SourceDate "2015.10.08"]
[SourceVersion "1"]
[SourceVersionDate "2015.10.08"]
[SourceQuality "1"]

1. Nf3 Nf6 2. c4 c5 3. Nc3 Nc6 4. d4 cxd4 5. Nxd4 a6 6. e4 e5 7. Nf5 d6 8. Ne3 Be6 9. Be2 Nd4 10. Nc2 Nxe2 11. Qxe2 Rc8 12. Ne3 Be7 13. 0-0 0-0 14. Kh1 Qd7 15. f4 Qc6 16. Ned5 Bd8 17. f5 Bxd5 18. cxd5 Qc4 19. Qf3 Ba5 20. Bg5 Bxc3 21. Bxf6 gxf6 22. bxc3 Kh8 23. Qg4 Qc7 24. Qh4 Qe7 25. Rf3 Rg8 26. Rb1 Rc7 27. Rh3 Rg7 28. Qf2 b5 29. Rb3 Rc5 30. Rh6 Qc7 31. h3 Rxc3 32. Rxc3 Qxc3 33. Rxf6 Qc7 34. Qb2 Qe7 35. Rh6 Qg5 36. Rxd6 Qf4 37. Rd8+ Rg8 38. Rxg8+ Kxg8 39. Qe2 Kf8 40. Qc2 Qf1+ 41. Kh2 Qc4 42. Qb1 Ke7 43. a3 a5 44. Qe1 b4 45. Qh4+ Ke8 46. d6 f6 47. Qxf6 Qf7 48. Qxe5+ Kd7 49. axb4 axb4 50. Qb5+ Kxd6 51. Qxb4+ Ke5 52. Qb6 Kf4 53. Qd6+ Ke3 54. f6 Qg6 55. Qg3+ 1-0

[Event "Barcelona Sant Marti op-B 17th"]
[Site "Barcelona"]
[Date "2015.07.16"]
[Round "4"]
[White "Moysen Cortes, Jessica"]
[Black "Alquezar Calpena, Marc"]
[Result "1-0"]
[WhiteElo "1961"]
[BlackElo "1907"]
[PlyCount "55"]
[EventDate "2015.07.13"]
[EventType "swiss"]
[EventRounds "9"]
[EventCountry "ESP"]
[SourceTitle "EXT 2016"]
[Source "ChessBase"]
[SourceDate "2015.10.08"]
[SourceVersion "1"]
[SourceVersionDate "2015.10.08"]
[SourceQuality "1"]

1. e4 Nf6 2. e5 Nd5 3. c4 Nb6 4. d4 d6 5. f4 dxe5 6. fxe5 Nc6 7. Be3 Bf5 8. Nc3 e6 9. a3 Qd7 10. g4 Bg6 11. Nf3 0-0-0 12. b4 f6 13. exf6 gxf6 14. Qd2 e5 15. d5 Qxg4 16. Qf2 Ne7 17. Rg1 Qf5 18. Rd1 Bh5 19. Rg3 e4 20. Bh3 Bxf3 21. Bxf5+ Nxf5 22. Rxf3 exf3 23. Bxb6 axb6 24. Qxf3 Re8+ 25. Kf2 Nd6 26. Re1 Rxe1 27. Kxe1 Bg7 28. Qg4+ 1-0

[Event "Barcelona La Lira op 32nd"]
[Site "Barcelona"]
[Date "2014.03.13"]
[Round "9"]
[White "Mansilla Lou, Lluis"]
[Black "Moysen Cortes, Jessica"]
[Result "1-0"]
[WhiteElo "1938"]
[BlackElo "1792"]
[PlyCount "119"]
[EventDate "2014.01.16"]
[EventType "swiss"]
[EventRounds "9"]
[EventCountry "ESP"]
[SourceTitle "EXT 2015"]
[Source "ChessBase"]
[SourceDate "2014.11.20"]
[SourceVersion "1"]
[SourceVersionDate "2014.11.20"]
[SourceQuality "1"]

1. d4 Nf6 2. Nf3 d5 3. c4 e6 4. Nc3 c6 5. cxd5 exd5 6. e3 Qa5 7. Bd2 Bb4 8. Bd3 Bg4 9. 0-0 Nbd7 10. Qb3 0-0 11. a3 Bxc3 12. Bxc3 Qc7 13. Nd2 Rfe8 14. Qc2 Bh5 15. Rfe1 Re6 16. Bf5 Bg6 17. Bxg6 hxg6 18. b4 g5 19. Qf5 g4 20. f3 gxf3 21. gxf3 Rae8 22. e4 g6 23. Qh3 Kg7 24. e5 Nh5 25. Nb3 Rh8 26. Qg4 Kf8 27. f4 Ng7 28. Ra2 Nf5 29. Rg2 Qd8 30. Ree2 Qh4 31. Be1 Qxg4 32. Rxg4 Rh3 33. Bg3 Nf6 34. Kg2 Rxh2+ 35. Bxh2 Nxg4 36. Bg1 b6 37. Kf3 Ngh6 38. Rh2 Kg7 39. Bf2 Re8 40. Bh4 Ng8 41. Be1 f6 42. Rc2 Re6 43. a4 fxe5 44. dxe5 Nge7 45. Bc3 Ng8 46. Bd4 Ngh6 47. Bf2 Nf7 48. Nd4 Nxd4+ 49. Bxd4 Nh6 50. a5 bxa5 51. bxa5 a6 52. Rb2 Nf5 53. Bf2 c5 54. Rb6 Kf7 55. Bxc5 Ne7 56. Rb7 Ke8 57. Rxe7+ Rxe7 58. Bxe7 Kxe7 59. Ke3 Ke6 60. Kd4 1-0

[Event "Barcelona La Lira op 32nd"]
[Site "Barcelona"]
[Date "2014.01.23"]
[Round "2"]
[White "Aubeso Duch, Miquel"]
[Black "Moysen Cortes, Jessica"]
[Result "0-1"]
[WhiteElo "1352"]
[BlackElo "1792"]
[PlyCount "102"]
[EventDate "2014.01.16"]
[EventType "swiss"]
[EventRounds "9"]
[EventCountry "ESP"]
[SourceTitle "EXT 2015"]
[Source "ChessBase"]
[SourceDate "2014.11.20"]
[SourceVersion "1"]
[SourceVersionDate "2014.11.20"]
[SourceQuality "1"]

1. Nc3 Nf6 2. e4 e5 3. Nf3 d6 4. Be2 Nc6 5. 0-0 Be7 6. b3 Bd7 7. d3 0-0 8. Re1 Qc8 9. h3 Bd8 10. a4 Ne7 11. Bg5 Ng6 12. Nh2 Nf4 13. Bg4 Nxg4 14. Bxf4 Nxf2 15. Kxf2 exf4 16. Qf3 Bh4+ 17. Kg1 Bxe1 18. Rxe1 g5 19. Nd5 Qd8 20. Qh5 c6 21. Nc3 Qf6 22. Nd1 Qg6 23. Qf3 h5 24. Nf2 Rae8 25. d4 f5 26. e5 dxe5 27. dxe5 g4 28. Qxf4 g3 29. Nf3 gxf2+ 30. Kxf2 Re7 31. Re3 Rg7 32. Ne1 Be6 33. Rg3 Qxg3+ 34. Qxg3 Rxg3 35. Kxg3 Kh7 36. Kh4 Kh6 37. Nf3 Bd5 38. Ne1 Rg8 39. g3 Re8 40. Nd3 b6 41. Nf4 Rxe5 42. Nxh5 Re2 43. c4 Be4 44. Nf4 Rb2 45. Ne6 Rxb3 46. c5 bxc5 47. Nxc5 Rb4 48. a5 Bd5+ 49. g4 fxg4 50. hxg4 Bf3 51. Kg3 Bxg4 0-1